Tennis - Le meilleur Français à Roland-Garros chaque année depuis 1984 - Statistiques

Statistiques générales
  • Ce quiz a été pris 80 fois
    7 depuis la dernière actualisation
  • Le résultat moyen est 34 sur 43
Statistiques - réponses
Année Joueur Âge Classement Élimination % Correct
2003 Arnaud Clément 25 36e 1/8 de finale VS Albert Costa
100%
2019 Gael Monfils 32 17e 1/8 de finale VS Dominic Thiem
100%
2017 Gael Monfils 30 16e 1/8 de finale VS Stan Wawrinka
100%
2014 Gael Monfils 27 28e 1/4 de finale VS Andy Murray
100%
2011 Gael Monfils 24 9e 1/4 de finale VS Roger Federer
100%
2009 Gael Monfils 22 10e 1/4 de finale VS Roger Federer
100%
2008 Gael Monfils 21 59e 1/2 finale VS Roger Federer
100%
2022 Hugo Gaston 21 74e 3e tour VS Holger Rune
100%
2020 Hugo Gaston 20 239e 1/8 de finale VS Dominic Thiem
100%
2015 Jo-Wilfried Tsonga 30 15e 1/2 finale VS Stan Wawrinka
100%
2013 Jo-Wilfried Tsonga 28 8e 1/2 finale VS David Ferrer
100%
2012 Jo-Wilfried Tsonga 27 5e 1/4 de finale VS Novak Djokovic
100%
2010 Jo-Wilfried Tsonga 25 10e 1/8 de finale VS Mikhail Youzhny
100%
2026 Moïse Kouamé 17 318e 3e tour VS Alejandro Tabilo
100%
2021 Richard Gasquet 34 53e 2e tour VS Rafael Nadal
100%
2016 Richard Gasquet 29 12e 1/4 de finale VS Andy Murray
100%
1987 Yannick Noah 27 6e 1/4 de finale VS Mats Wilander
100%
1984 Yannick Noah 24 6e 1/4 de finale VS Mats Wilander
100%
2023 Arthur Rinderknech 27 78e 2e tour VS Taylor Fritz
86%
2000 Cédric Pioline 30 6e 1/8 de finale VS Marat Safin
86%
1998 Cédric Pioline 28 17e 1/2 finale VS Alex Corretja
86%
1996 Cédric Pioline 26 19e 1/4 de finale VS Michael Stich
86%
2024 Corentin Moutet 25 79e 1/8 de finale VS Jannik Sinner
86%
1991 Guy Forget 26 7e 1/8 de finale VS Michael Chang
86%
1992 Henri Leconte 28 200e 1/2 finale VS Petr Korda
86%
1988 Henri Leconte 24 14e Finale VS Mats Wilander
86%
1986 Henri Leconte 22 10e 1/2 finale VS Mikael Pernfors
86%
1985 Henri Leconte 21 43e 1/4 de finale VS Mats Wilander
86%
2025 Quentin Halys 28 52e 3e tour VS Holger Rune
86%
2005 Sébastien Grosjean 27 24e 1/8 de finale VS Rafael Nadal
86%
2002 Sébastien Grosjean 24 10e 1/4 de finale VS Marat Safin
86%
2001 Sébastien Grosjean 23 10e 1/2 finale VS Alex Corretja
86%
2006 Julien Benneteau 24 95e 1/4 de finale VS Ivan Ljubicic
71%
2004 Michael Llodra 24 94e 1/8 de finale VS Tim Henman
71%
2018 Pierre-Hugues Herbert 27 87e 3e tour VS John Isner
57%
1995 Arnaud Boetsch 26 52e 3e tour VS Michael Stich
29%
1999 Arnaud Di Pasquale 20 61e 1/8 de finale VS Andrei Medvedev
29%
1994 Olivier Delaitre 26 76e 1/8 de finale VS Jim Courier
29%
1997 Stéphane Simian 29 127e 3e tour VS Michael Chang
29%
1990 Thierry Champion 23 191e 1/4 de finale VS Andres Gomez
29%
2007 Olivier Patience 27 129e 3e tour VS Novak Djokovic
14%
1993 Rodolphe Gilbert 24 92e 3e tour VS Slava Dosedel
14%
1989 Thierry Tulasne 25 184e 1/8 de finale VS Jay Berger
14%
Aucun quiz correspondant
Distribution des résultats
% des personnes avec chaque résultat
Percentile par nombre de réponses
Votre historique - résultats
Vous n’avez pas pris ce quiz depuis la dernière actualisation